00653nam a2200193Ia 4500008004100000020001400041082001500055100003800070245007100108250000700179260003700186300002800223500001900251600003300270650002800303942000700331952010600338999001500444240925s9999 xx 000 0 und d a205128262 a428.43 ODO aO'Donnell ,Michae P.; Marge, Wood 0aBecoming a Reader: A Developmental Approach to Reading Instruction aNA aBoston:bAllyn and Baconc,1992. axii,343p.bNAfOriginal aIncludes Index aHumanities & Natural Science aEnglish and Old English cBK 001040708ETaUITUbUITUd2000-08-16eNAl0o428.43 ODOpQ2939r2024-09-25 07:12:58w2024-09-25yBK c5438d5438